000 00335nam a2200145Ia 4500
008 191201s2011 xx 000 0 und d
082 _a657.42
_bOBC
100 _aOBEROI,Pawan Kumar
245 0 _aCost Management
250 _a1st
260 _aN. Delhi
_bGlobal Vision pub
_c2011
300 _a448
650 _aBBA
942 _2ddc
_cBK
999 _c4939
_d4939